| 000 | 00821nam a22002297a 4500 | ||
|---|---|---|---|
| 999 |
_c2389 _d2389 |
||
| 003 | AR-CdUCM | ||
| 008 | 190304b ||||| |||| 00| 0 spa d | ||
| 040 |
_aMUNICIPALIDAD PROVINCIAL DEL CUSCO _cBIBLIOTECA MUNICIPAL DEL CUSCO |
||
| 041 | _hita | ||
| 082 |
_a330 / _bR84 |
||
| 100 |
_aRossi Landi, Ferruccio _98579 |
||
| 245 | _aEl lenguaje como trabajo y como mercado / | ||
| 260 |
_aCaracas : _bMonte Avila, _c1970. |
||
| 300 |
_a300 paginas ; _c20 cm. |
||
| 505 | _aEl lenguaje como trabajo y como mercado -- sobre el lenguaje verbal y no- verbal -- Por un uso marxista de wittgenstein -- trabajando en la homología del producir ... | ||
| 650 |
_aIdeología _98580 |
||
| 650 |
_aProducción _91785 |
||
| 650 |
_aProyección social _98581 |
||
| 700 |
_aManzi, Italo _98582 |
||
| 942 |
_2ddc _cLIBROS |
||
| 945 | _aacv | ||